Word Ladder: World Conquest Game Quiz Stats

 Plays Quiz Updated Aug 25, 2014

Support Sporcle.
Go Orange.
Score 0/25 Timer 03:00
1 Play Today
Clue 4-Letter Word % Correct
A quick kiss on the cheekPECK
97.1%
SelectPICK
95.6%
Close a door loudlySLAM
91.7%
Board game of world conquestRISK
91.2%
Riordan who wrote the Percy Jackson booksRICK
89.8%
A shellfishCLAM
89.7%
Study for a test at the last minuteCRAM
89.4%
Tined dinner implementFORK
85.8%
A document to be filled outFORM
85.6%
Tom Cruise's '___ on the Fourth of July'BORN
85.2%
A privilege or benefit of workingPERK
83.8%
The capital of SwitzerlandBERN
83.7%
LatherFOAM
81.6%
Clue 4-Letter Word % Correct
Hemsworth of 'The Hunger Games'LIAM
78.9%
Interjection from the Swedish ChefBORK
77.2%
A good type of soil for growingLOAM
74.6%
Territory in [First Rung]SIAM
74.5%
Of the mouth, a type of hygieneORAL
71.9%
Drescher of 'The Nanny'FRAN
70.7%
A steep rocky cliffCRAG
62%
An Algerian portORAN
58.2%
Territory in [First Rung]PERU
53.5%
To kill deliberately, in a gameFRAG
53.4%
Aunt that Luke Skywalker lives withBERU
51.3%
Territory in [First Rung]URAL
34.6%

Today's Daily Dose

Missing Word
1944 Movies A-Z

Word Ladder
An Angry Alt+F4

Get the Picture
Colors in 4 Languages

You're not logged in!

Compare scores with friends on all Sporcle quizzes.
OR
Log In

From the Vault

Year Ladder: Historical Events

by CJJ

Don't let this ladder tip sideways, you might end up in a parallel dimension.
Remove Ads.
Support Sporcle.
Get the best of Sporcle when you Go Orange. This ad-free experience offers more features, more stats, and more fun while also helping to support Sporcle. Thank you for becoming a member.

Show Comments

Extras

Top Quizzes Today


Score Distribution

Your Account Isn't Verified!

In order to create a playlist on Sporcle, you need to verify the email address you used during registration. Go to your Sporcle Settings to finish the process.

Report this User

Report this user for behavior that violates our Community Guidelines.

Details: